00372nam a22001337a 450000500170000000800410001704100130005808200130007110000130008424500400009726000500013730000250018765000260021220240712070526.0240712b |||||||| |||| 00| 0 eng d aEnglish  a349 PRE  lEnglish  aPrentice Hall Weekly Legal Service  aDurban: bPrentice Hall Services (Pty) c1974 b102 pages; c26 cm.  aLegal practice bLaw